000
00208nam a22000977a 4500
082
_a
621.388 AON'E
245
_a
A ONE TV CIRCUIT DIAGRAMS
260
_a
LAHORE
_b
SUFI SONS
_c
1965
300
_a
40P
942
_c
BK
999
_c
580603
_d
580603